| 000 | 00866nam a22002177a 4500 | ||
|---|---|---|---|
| 999 |
_c5156 _d5156 |
||
| 003 | AR-CdUCM | ||
| 008 | 190312b ||||| |||| 00| 0 spa d | ||
| 040 |
_aMUNICIPALIDAD PROVINCIAL DEL CUSCO _cBIBLIOTECA MUNICIPAL DEL CUSCO |
||
| 082 |
_a498.323 / _bT93 |
||
| 100 |
_aTunque Choque, Daniel _911539 |
||
| 245 |
_aAntología quechua : _bidioma de los inkas / |
||
| 246 | _aMétodo práctico para el aprendizaje de la lengua quechua / | ||
| 260 |
_aCusco : _bModerna, _c2017. |
||
| 300 |
_a148 páginas ; _bilustraciones ; _c21 cm. |
||
| 505 | _aContenido: Hacia una educación bilingüe intercultural -- Runasimi rimay qallariy : introducción al idioma quechua -- Los sonidos en la lengua quechua -- Categorias gramaticales ... | ||
| 650 |
_aQuechua _92063 |
||
| 650 |
_aLingüistica _91640 |
||
| 650 |
_aGramática _99175 |
||
| 942 |
_2ddc _cLIBROS |
||
| 945 | _azta | ||